[Event "Scarborough CC Falling Leaves"]
[Site "Toronto CAN"]
[Date "2009.12.03"]
[Round "5"]
[White "Hall, John2"]
[Black "Verde, Pino"]
[Result "1-0"]
[WhiteElo "2270"]
[BlackElo "1830"]
[PlyCount "53"]
[GameId "2160767910096039"]
[EventDate "2009.11.05"]
[EventType "swiss"]
[EventRounds "7"]
[EventCountry "CAN"]
[SourceTitle "EXT 2011"]
[Source "ChessBase"]
[SourceDate "2011.11.26"]
[SourceVersion "1"]
[SourceVersionDate "2011.11.26"]
[SourceQuality "1"]

1. d4 d6 2. e4 g6 3. Nf3 Bg7 4. Be2 Bg4 5. h3 Bd7 6. O-O Nc6 7. d5 Ne5 8. Nxe5 dxe5 9. c4 Nh6 10. Nc3 f5 11. f4 Nf7 12. exf5 exf4 13. fxg6 hxg6 14. Bxf4 c6 15. dxc6 Qb6+ 16. Kh2 bxc6 17. Na4 Qa5 18. c5 Qb4 19. Qb3 Qe4 20. Bd3 Qe6 21. Qxe6 Bxe6 22. Bxg6 O-O-O 23. Rfe1 Bd5 24. Rxe7 Rdf8 25. Bf5+ Kd8 26. Rd7+ Ke8 27. Rxa7 1-0

[Event "Scarborough CC Falling Leaves"]
[Site "Toronto CAN"]
[Date "2009.12.03"]
[Round "5"]
[White "Mahoney, Ian"]
[Black "Conte, Michael"]
[Result "1-0"]
[WhiteElo "1494"]
[BlackElo "1802"]
[PlyCount "79"]
[GameId "2160767910096040"]
[EventDate "2009.11.05"]
[EventType "swiss"]
[EventRounds "7"]
[EventCountry "CAN"]
[SourceTitle "EXT 2011"]
[Source "ChessBase"]
[SourceDate "2011.11.26"]
[SourceVersion "1"]
[SourceVersionDate "2011.11.26"]
[SourceQuality "1"]

1. e4 c6 2. d4 d5 3. Nc3 dxe4 4. Nxe4 Bf5 5. Ng3 Bg6 6. N1e2 e6 7. h4 h6 8. Nf4 Bh7 9. Bc4 Nf6 10. O-O Be7 11. Re1 Bg8 12. c3 b5 13. Bb3 Nbd7 14. a4 Qb8 15. axb5 cxb5 16. Ngh5 Kf8 17. Nd3 a5 18. Bf4 Qb6 19. Qf3 Re8 20. Ne5 g6 21. Nxd7+ Nxd7 22. Rxe6 Qd8 23. Rxg6 Nf6 24. Bxh6+ Rxh6 25. Rxh6 Nxh5 26. Qxh5 Bf6 27. Qf3 Bg7 28. Ra6 a4 29. Bd5 Qxh4 30. Ra7 Bf6 31. Ra8 Rxa8 32. Bxa8 Bh7 33. Re1 Qh6 34. Bc6 b4 35. Bxa4 bxc3 36. bxc3 Qd2 37. Qe3 Bg5 38. Qxd2 Bxd2 39. Re8+ Kg7 40. c4 1-0

[Event "Scarborough CC Falling Leaves"]
[Site "Toronto CAN"]
[Date "2009.12.03"]
[Round "5"]
[White "Maister, Martin"]
[Black "Al Ganabi, Haqi"]
[Result "0-1"]
[WhiteElo "1880"]
[BlackElo "1915"]
[PlyCount "108"]
[GameId "2160767910096041"]
[EventDate "2009.11.05"]
[EventType "swiss"]
[EventRounds "7"]
[EventCountry "CAN"]
[SourceTitle "EXT 2011"]
[Source "ChessBase"]
[SourceDate "2011.11.26"]
[SourceVersion "1"]
[SourceVersionDate "2011.11.26"]
[SourceQuality "1"]

1. c4 e5 2. Nc3 f5 3. g3 Nf6 4. Bg2 c6 5. Nf3 e4 6. Nd4 d5 7. cxd5 cxd5 8. O-O Nc6 9. Nxc6 bxc6 10. d4 Bd6 11. Bg5 h6 12. Bxf6 Qxf6 13. e3 O-O 14. Qd2 a5 15. Na4 Bb4 16. Qc2 Ba6 17. Rfc1 Bd3 18. Qd1 g5 19. Nc5 Bxc5 20. Rxc5 Rfb8 21. b3 Rb6 22. Rac1 Kh7 23. Qh5 g4 24. h3 Be2 25. R1c2 Bf3 26. Bxf3 gxf3 27. R2c3 Rba6 28. Rc1 Rg8 29. Kh1 Rg6 30. Rd1 Qf7 31. Rdc1 Qd7 32. Kh2 Rg5 33. Qh4 Qd6 34. R1c2 Kg8 35. Kh1 Kf7 36. Qf4 Qxf4 37. exf4 Rg6 38. h4 h5 39. a3 Ke7 40. Kg1 Kd7 41. Kf1 Rg8 42. Ke1 Rb8 43. R2c3 Rab6 44. Rxa5 Rxb3 45. Rac5 R8b6 46. Kd2 Rb1 47. Rc1 Kd6 48. Rxc6+ Rxc6 49. Rxb1 Rc4 50. Rb4 Rxb4 51. axb4 Kc6 52. Kc2 Kb5 53. Kb3 e3 54. Kc3 exf2 0-1

[Event "Scarborough CC Falling Leaves"]
[Site "Toronto CAN"]
[Date "2009.12.03"]
[Round "5"]
[White "Marcille, Gord"]
[Black "Ferreira, Alex"]
[Result "0-1"]
[WhiteElo "1842"]
[BlackElo "2003"]
[PlyCount "120"]
[GameId "2160767910096042"]
[EventDate "2009.11.05"]
[EventType "swiss"]
[EventRounds "7"]
[EventCountry "CAN"]
[SourceTitle "EXT 2011"]
[Source "ChessBase"]
[SourceDate "2011.11.26"]
[SourceVersion "1"]
[SourceVersionDate "2011.11.26"]
[SourceQuality "1"]

1. e4 c5 2. Nf3 a6 3. d4 cxd4 4. Nxd4 Nf6 5. Bd3 e5 6. Nf5 d5 7. Ng3 dxe4 8. Nxe4 Nxe4 9. Bxe4 Qxd1+ 10. Kxd1 Bc5 11. Ke2 Nc6 12. Bxc6+ bxc6 13. Be3 Bxe3 14. Kxe3 Bf5 15. Na3 Rb8 16. b3 Ke7 17. Rad1 f6 18. Rd2 Rhd8 19. Rhd1 Rxd2 20. Rxd2 a5 21. Nc4 a4 22. Na5 Bd7 23. Rd3 Rb5 24. Nc4 Be6 25. Nd6 Rb4 26. a3 Rb8 27. b4 Bd5 28. Nf5+ Kf8 29. f3 g6 30. Ng3 f5 31. Ne2 Ke7 32. Nc3 Bc4 33. Rd2 h5 34. Nxa4 Ra8 35. Nb6 Rxa3+ 36. Kf2 Be6 37. Re2 Ra6 38. Rxe5 Rxb6 39. c3 Kd6 40. f4 Ra6 41. Kg3 Ra2 42. Rc5 Bd5 43. h3 Rxg2+ 44. Kh4 Rh2 45. c4 Bf7 46. Re5 Bxc4 47. Re8 Kd7 48. Re1 Rb2 49. Kg5 Bf7 50. Kf6 Be8 51. Rd1+ Kc7 52. Re1 Bd7 53. Kxg6 Rxb4 54. Rf1 Rb3 55. h4 Rg3+ 56. Kxh5 Kd6 57. Kh6 Ke7 58. Kh7 Rh3 59. Rg1 Rxh4+ 60. Kg7 Rg4+ 0-1

[Event "Scarborough CC Falling Leaves"]
[Site "Toronto CAN"]
[Date "2009.12.03"]
[Round "5"]
[White "Mesiti, Silvano"]
[Black "Garel, Rick"]
[Result "0-1"]
[WhiteElo "1730"]
[BlackElo "1940"]
[PlyCount "92"]
[GameId "2160767910096043"]
[EventDate "2009.11.05"]
[EventType "swiss"]
[EventRounds "7"]
[EventCountry "CAN"]
[SourceTitle "EXT 2011"]
[Source "ChessBase"]
[SourceDate "2011.11.26"]
[SourceVersion "1"]
[SourceVersionDate "2011.11.26"]
[SourceQuality "1"]

1. e4 c5 2. Nf3 d6 3. Nc3 Nc6 4. Bc4 e6 5. O-O Nf6 6. Re1 Be7 7. d4 cxd4 8. Nxd4 O-O 9. Be3 a6 10. a4 Bd7 11. Nb3 Rc8 12. Bd3 Ne5 13. Be2 Nc4 14. Bxc4 Rxc4 15. Nd2 Rc8 16. a5 Bc6 17. Bb6 Qd7 18. Qe2 d5 19. e5 Ne8 20. Rad1 Bb4 21. Ndb1 Qe7 22. Rd4 Bc5 23. Rg4 Bxb6 24. axb6 Qc5 25. Qe3 Qxe3 26. Rxe3 f5 27. Rd4 g6 28. Na3 Ng7 29. Ne2 g5 30. f4 g4 31. Ng3 Rfd8 32. Ne2 h5 33. g3 Kf7 34. Kf2 Rh8 35. Kg2 h4 36. Kg1 Rh7 37. gxh4 Rxh4 38. Ng3 Rch8 39. Re2 Nh5 40. Nxh5 R4xh5 41. c3 Rh3 42. Rg2 Re3 43. Nc2 Reh3 44. Nb4 Bb5 45. Nc2 Rf3 46. Na3 Rf1# 0-1

[Event "Scarborough CC Falling Leaves"]
[Site "Toronto CAN"]
[Date "2009.12.03"]
[Round "5"]
[White "Moran-Venegas, Mario"]
[Black "Manalo, Pepin"]
[Result "0-1"]
[WhiteElo "1718"]
[BlackElo "1829"]
[PlyCount "86"]
[GameId "2160767910096044"]
[EventDate "2009.11.05"]
[EventType "swiss"]
[EventRounds "7"]
[EventCountry "CAN"]
[SourceTitle "EXT 2011"]
[Source "ChessBase"]
[SourceDate "2011.11.26"]
[SourceVersion "1"]
[SourceVersionDate "2011.11.26"]
[SourceQuality "1"]

1. e4 c6 2. d4 g6 3. Nf3 Bg7 4. c4 d6 5. Nc3 Nd7 6. Be3 Ngf6 7. Be2 Ng4 8. Bf4 Qb6 9. Na4 Qd8 10. Nc3 e5 11. dxe5 Ndxe5 12. Nxe5 Nxe5 13. c5 dxc5 14. Qxd8+ Kxd8 15. O-O-O+ Ke7 16. Bg5+ f6 17. Be3 b6 18. f4 Ng4 19. Bg1 h5 20. h3 Nh6 21. Bf2 Nf7 22. Rd2 Bh6 23. g3 Be6 24. Kc2 Rhd8 25. Rxd8 Rxd8 26. a3 h4 27. Bd3 c4 28. Be2 hxg3 29. Bxg3 Bg7 30. Bf2 Bh6 31. Bg3 Nd6 32. h4 b5 33. Rg1 Bf7 34. Bh2 a5 35. Bf3 Be8 36. Re1 Nb7 37. e5 f5 38. Nxb5 cxb5 39. Bxb7 Rd3 40. Bg2 b4 41. axb4 Ba4+ 42. Kb1 axb4 43. Re2 Rd1+ 0-1

[Event "Scarborough CC Falling Leaves"]
[Site "Toronto CAN"]
[Date "2009.12.03"]
[Round "5"]
[White "Moysoski, Randy"]
[Black "Lin, Tony (Juntao)"]
[Result "1-0"]
[WhiteElo "1958"]
[BlackElo "1652"]
[PlyCount "129"]
[GameId "2160767910096045"]
[EventDate "2009.11.05"]
[EventType "swiss"]
[EventRounds "7"]
[EventCountry "CAN"]

1. e4 e6 2. Nf3 c5 3. Nc3 Nc6 4. g3 d5 5. d3 Nf6 6. exd5 exd5 7. Bg2 Be7 8. O-O O-O 9. Ng5 h6 10. Nh3 d4 11. Ne2 Re8 12. f3 Nd5 13. Nf2 f5 14. Re1 Bg5 15. Bxg5 hxg5 16. Qd2 Ne3 17. Bh1 Nb4 18. Rec1 Qf6 19. c3 Nc6 20. f4 g4 21. b4 cxb4 22. cxb4 a6 23. a4 a5 24. b5 Nb4 25. Rc7 Rb8 26. Rac1 b6 27. Qb2 Nbd5 28. R7c6 Qd8 29. Qxd4 Bb7 30. Rg6 Nf6 31. Qxd8 Rexd8 32. Rc7 Rd7 33. Rxd7 Nxd7 34. Rd6 Bxh1 35. Kxh1 Nf6 36. Nd4 Rc8 37. Nc6 Re8 38. Ne5 Nfd5 39. h3 gxh3 40. Nxh3 Nc3 41. Rxb6 Nxa4 42. Ra6 Rb8 43. Ng5 Nc3 44. b6 g6 45. b7 Rxb7 46. Rxg6+ Kf8 47. Ne6+ Ke8 48. Rg8+ Ke7 49. Rg7+ Kxe6 50. Rxb7 a4 51. Nc4 Nxc4 52. dxc4 Kd6 53. Kg2 a3 54. Kf3 a2 55. Ra7 Kc5 56. g4 Kb4 57. Rxa2 Nxa2 58. gxf5 Kc5 59. f6 Kd6 60. c5+ Ke6 61. c6 Nb4 62. f7 Kxf7 63. c7 Nd5 64. c8=Q Nf6 65. Qc7+ 1-0

[Event "Scarborough CC Falling Leaves"]
[Site "Toronto CAN"]
[Date "2009.12.03"]
[Round "5"]
[White "Picana, Andrew"]
[Black "Jizan, Masoud"]
[Result "1-0"]
[WhiteElo "2086"]
[BlackElo "1743"]
[PlyCount "93"]
[GameId "2160767910096046"]
[EventDate "2009.11.05"]
[EventType "swiss"]
[EventRounds "7"]
[EventCountry "CAN"]
[SourceTitle "EXT 2011"]
[Source "ChessBase"]
[SourceDate "2011.11.26"]
[SourceVersion "1"]
[SourceVersionDate "2011.11.26"]
[SourceQuality "1"]

1. d4 Nf6 2. c4 c6 3. Nc3 e6 4. Nf3 Bb4 5. Qb3 Qa5 6. Bd2 d5 7. e3 Nbd7 8. Bd3 O-O 9. O-O dxc4 10. Bxc4 b5 11. Bd3 a6 12. Rac1 Bb7 13. a3 Bxc3 14. Bxc3 Qd8 15. Bb4 Re8 16. Rfd1 a5 17. Bd6 a4 18. Qc2 Rc8 19. e4 h6 20. Qe2 Nf8 21. Bg3 Nh5 22. e5 Nxg3 23. hxg3 Qe7 24. Nd2 Red8 25. Ne4 Nd7 26. Nd6 Rb8 27. Nxb7 Rxb7 28. Qe4 g6 29. Qxc6 Nb8 30. Qc3 Na6 31. Qa5 Ra8 32. Qd2 Kg7 33. Be4 Rd8 34. Bxb7 Qxb7 35. Qf4 Qd5 36. Rc6 Ra8 37. Qf6+ Kg8 38. Rdc1 Qd7 39. Rd6 Qb7 40. Rcc6 Rf8 41. Rxa6 Qe4 42. Ra7 g5 43. Rd8 Qb1+ 44. Kh2 Qg1+ 45. Kxg1 Rxd8 46. Qxf7+ Kh8 47. Qh7# 1-0

[Event "Scarborough CC Falling Leaves"]
[Site "Toronto CAN"]
[Date "2009.12.03"]
[Round "5"]
[White "Poirier, Vincent"]
[Black "Stewart, Frankie"]
[Result "0-1"]
[WhiteElo "1780"]
[BlackElo "1780"]
[PlyCount "90"]
[GameId "2160767910096047"]
[EventDate "2009.11.05"]
[EventType "swiss"]
[EventRounds "7"]
[EventCountry "CAN"]
[SourceTitle "EXT 2011"]
[Source "ChessBase"]
[SourceDate "2011.11.26"]
[SourceVersion "1"]
[SourceVersionDate "2011.11.26"]
[SourceQuality "1"]

1. e4 e5 2. f4 exf4 3. Bc4 Qh4+ 4. Kf1 Nf6 5. Nf3 Qh5 6. Nc3 d6 7. d4 Bg4 8. Bxf4 Be7 9. Kf2 Nc6 10. Rf1 Bxf3 11. gxf3 O-O 12. Kg1 Nd8 13. Kh1 Ne6 14. Be3 Ng5 15. Be2 Qh4 16. Qd2 Nh3 17. Bd3 c6 18. Qg2 Nh5 19. Ne2 Bg5 20. Bxg5 Nxg5 21. f4 Nh3 22. f5 Rae8 23. Rf3 N3f4 24. Nxf4 Nxf4 25. Qg3 Qxg3 26. Rxg3 Nh5 27. Re3 Re7 28. Rae1 Rfe8 29. e5 dxe5 30. dxe5 Nf4 31. Bc4 Nd5 32. Bxd5 cxd5 33. e6 fxe6 34. fxe6 g6 35. Re5 Rd8 36. Kg2 Kg7 37. Rf1 Rd6 38. Rd1 d4 39. Re4 Kf6 40. Kf3 Rdxe6 41. Rexd4 Re3+ 42. Kf4 g5+ 43. Kg4 h5+ 44. Kxh5 Rh7+ 45. Kg4 Rh4# 0-1

[Event "Scarborough CC Falling Leaves"]
[Site "Toronto CAN"]
[Date "2009.12.03"]
[Round "5"]
[White "Radpey, Abdolreza"]
[Black "Armstrong, Robert J"]
[Result "0-1"]
[WhiteElo "1508"]
[BlackElo "1829"]
[PlyCount "72"]
[GameId "2160767910096048"]
[EventDate "2009.11.05"]
[EventType "swiss"]
[EventRounds "7"]
[EventCountry "CAN"]
[SourceTitle "EXT 2011"]
[Source "ChessBase"]
[SourceDate "2011.11.26"]
[SourceVersion "1"]
[SourceVersionDate "2011.11.26"]
[SourceQuality "1"]

1. d4 g6 2. c4 Bg7 3. Nc3 Nf6 4. Nf3 O-O 5. e4 d6 6. Be2 Nc6 7. O-O e5 8. Be3 Ng4 9. d5 Nxe3 10. fxe3 Ne7 11. h3 h6 12. Nh2 f5 13. exf5 Nxf5 14. e4 Ng3 15. Rxf8+ Bxf8 16. Bg4 Qg5 17. Qd3 Qf4 18. Re1 h5 19. Bxc8 Rxc8 20. Re3 h4 21. Ne2 Nxe2+ 22. Qxe2 Bh6 23. Ng4 Rf8 24. b3 Bg5 25. Qf3 Qxe3+ 26. Nxe3 Rxf3 27. gxf3 Bxe3+ 28. Kf1 Kg7 29. Ke2 Bd4 30. Kd3 Bg1 31. a4 Kf6 32. b4 Kg5 33. c5 dxc5 34. bxc5 Bxc5 35. Kc4 b6 36. Kb5 a5 0-1

[Event "Scarborough CC Falling Leaves"]
[Site "Toronto CAN"]
[Date "2009.12.03"]
[Round "5"]
[White "Rapoport, Alexander"]
[Black "Takov, Chris"]
[Result "1-0"]
[WhiteElo "1870"]
[BlackElo "1792"]
[PlyCount "103"]
[GameId "2160767910096049"]
[EventDate "2009.11.05"]
[EventType "swiss"]
[EventRounds "7"]
[EventCountry "CAN"]

1. d4 f5 2. Nf3 Nf6 3. g3 e6 4. Bg2 h6 5. Nh4 g5 6. Ng6 Rg8 7. Nxf8 Kxf8 8. Nc3 Nc6 9. d5 exd5 10. Nxd5 d6 11. b3 Be6 12. Bb2 Ne5 13. Nxf6 Qxf6 14. Qd4 Rd8 15. O-O-O c5 16. Qd2 f4 17. Bxb7 Rg7 18. Bd5 Re7 19. Bxe6 Rxe6 20. h4 Kg7 21. hxg5 hxg5 22. gxf4 gxf4 23. Rdg1+ Kf8 24. Rh7 Re7 25. Rxe7 Kxe7 26. Qd5 Qf7 27. Qxf7+ Kxf7 28. Kd2 Rh8 29. Bxe5 dxe5 30. e3 f3 31. e4 Rh2 32. Ke3 Rh3 33. Rg3 Rh1 34. Rxf3+ Ke6 35. Kd2 Ra1 36. a4 c4 37. Kc3 cxb3 38. cxb3 Ra2 39. Kc4 Re2 40. Kb5 Rxe4 41. Ka6 Rb4 42. Kxa7 e4 43. Re3 Kd5 44. Ka6 Rb8 45. Ka5 Rb7 46. Rg3 Kc6 47. Rg6+ Kd5 48. Rb6 Rc7 49. Ka6 Kc5 50. b4+ Kc4 51. b5 Rc8 52. Rc6+ 1-0

[Event "Scarborough CC Falling Leaves"]
[Site "Toronto CAN"]
[Date "2009.12.03"]
[Round "5"]
[White "Sellars, Karl"]
[Black "Ugodnikov, Arkadiy"]
[Result "1/2-1/2"]
[WhiteElo "2265"]
[BlackElo "1818"]
[PlyCount "56"]
[GameId "2160767910096050"]
[EventDate "2009.11.05"]
[EventType "swiss"]
[EventRounds "7"]
[EventCountry "CAN"]
[SourceTitle "EXT 2011"]
[Source "ChessBase"]
[SourceDate "2011.11.26"]
[SourceVersion "1"]
[SourceVersionDate "2011.11.26"]
[SourceQuality "1"]

1. d4 Nf6 2. c4 g6 3. g3 Bg7 4. Bg2 d6 5. Nf3 O-O 6. O-O c5 7. dxc5 dxc5 8. Nc3 Nc6 9. Qa4 Bd7 10. Be3 Na5 11. Qc2 Rc8 12. b3 Bf5 13. Qc1 Ne4 14. Nxe4 Bxa1 15. Qxa1 Bxe4 16. Rd1 Qc7 17. Bh6 f6 18. Bxf8 Rxf8 19. Ne1 Bxg2 20. Nxg2 Rd8 21. Nf4 Rd6 22. Nd5 Qd8 23. Rd3 Kf7 24. Qc1 e6 25. Qh6 exd5 26. Qxh7+ Kf8 27. Qh8+ Kf7 28. Qh7+ Kf8 1/2-1/2

[Event "Scarborough CC Falling Leaves"]
[Site "Toronto CAN"]
[Date "2009.12.03"]
[Round "5"]
[White "Walker, John"]
[Black "Smith, Maurice"]
[Result "1-0"]
[WhiteElo "1476"]
[BlackElo "1654"]
[PlyCount "73"]
[GameId "2160767910096051"]
[EventDate "2009.11.05"]
[EventType "swiss"]
[EventRounds "7"]
[EventCountry "CAN"]
[SourceTitle "EXT 2011"]
[Source "ChessBase"]
[SourceDate "2011.11.26"]
[SourceVersion "1"]
[SourceVersionDate "2011.11.26"]
[SourceQuality "1"]

1. Nf3 d5 2. d4 Nf6 3. e3 Bg4 4. Nbd2 Nbd7 5. b3 e6 6. Bd3 Bb4 7. O-O O-O 8. Bb2 Rc8 9. c4 c6 10. a3 Bd6 11. Qc2 h6 12. Ne5 Qc7 13. f4 Bh5 14. h3 c5 15. Rac1 cxd4 16. exd4 dxc4 17. bxc4 Qb8 18. g4 Bg6 19. Bxg6 fxg6 20. Qxg6 Qc7 21. g5 Ne8 22. gxh6 Ndf6 23. hxg7 Nxg7 24. c5 Bxe5 25. fxe5 Nd5 26. Ne4 Nf4 27. Qg4 Nd5 28. Nf6+ Rxf6 29. exf6 Ne3 30. Qxg7+ Qxg7+ 31. fxg7 Nxf1 32. Rxf1 Kxg7 33. d5+ Kg6 34. Rf6+ Kg5 35. Rxe6 Rxc5 36. d6 Rc2 37. d7 1-0

[Event "Scarborough CC Falling Leaves"]
[Site "Toronto CAN"]
[Date "2009.12.03"]
[Round "5"]
[White "Ward, Dean"]
[Black "Krupka, David"]
[Result "1/2-1/2"]
[WhiteElo "1766"]
[BlackElo "2092"]
[PlyCount "97"]
[GameId "2160767910096052"]
[EventDate "2009.11.05"]
[EventType "swiss"]
[EventRounds "7"]
[EventCountry "CAN"]
[SourceTitle "EXT 2011"]
[Source "ChessBase"]
[SourceDate "2011.11.26"]
[SourceVersion "1"]
[SourceVersionDate "2011.11.26"]
[SourceQuality "1"]

1. d4 d5 2. c4 e6 3. Nc3 Nf6 4. Bg5 Nbd7 5. cxd5 exd5 6. Qb3 Be7 7. Rc1 O-O 8. Nf3 c6 9. h3 Ne4 10. Bf4 Ndf6 11. e3 Qb6 12. Qxb6 axb6 13. a3 b5 14. Na2 Nd7 15. Bd3 f5 16. Ne5 Nb6 17. f3 Nd6 18. Ke2 Ndc4 19. Rc2 Be6 20. Rhc1 g5 21. Bh2 f4 22. Bxc4 Nxc4 23. Nxc4 dxc4 24. e4 Rfd8 25. Bg1 Bf6 26. Rd2 h5 27. Nc3 Rd7 28. Rcd1 Rad8 29. e5 Be7 30. Ne4 Bd5 31. g4 hxg4 32. hxg4 Kg7 33. Nc3 Be6 34. a4 b4 35. Ne4 Ra8 36. Ra1 b5 37. a5 Rdd8 38. Nc5 Bxc5 39. dxc5 Bd5 40. Bd4 Kg6 41. Kf2 Rh8 42. e6 Rh7 43. Re2 Rh2+ 44. Kf1 Rxe2 45. Kxe2 Bxe6 46. a6 Bd5 47. Be5 Kf7 48. a7 Ke6 49. Bb8 1/2-1/2

[Event "Scarborough CC Falling Leaves"]
[Site "Toronto CAN"]
[Date "2009.12.03"]
[Round "5"]
[White "Yuan, Yuanling"]
[Black "Lamb, Bryan"]
[Result "1-0"]
[WhiteElo "2304"]
[BlackElo "2222"]
[PlyCount "81"]
[GameId "2160767910096053"]
[EventDate "2009.11.05"]
[EventType "swiss"]
[EventRounds "7"]
[EventCountry "CAN"]
[SourceTitle "EXT 2011"]
[Source "ChessBase"]
[SourceDate "2011.11.26"]
[SourceVersion "1"]
[SourceVersionDate "2011.11.26"]
[SourceQuality "1"]

1. e4 c5 2. Nf3 d6 3. d4 cxd4 4. Nxd4 Nf6 5. Nc3 g6 6. Be3 Bg7 7. f3 O-O 8. Qd2 Nc6 9. O-O-O Nxd4 10. Bxd4 Be6 11. g4 Qa5 12. a3 Rfc8 13. h4 Rab8 14. Nd5 Qxd2+ 15. Rxd2 Nxd5 16. Bxg7 Kxg7 17. exd5 Bd7 18. h5 f5 19. Re2 Re8 20. hxg6 hxg6 21. g5 Rbc8 22. f4 e6 23. Reh2 Rh8 24. Rxh8 Rxh8 25. Rxh8 Kxh8 26. dxe6 Bxe6 27. Bg2 Bc8 28. Kd2 Kg7 29. Kd3 Kf8 30. Kd4 Ke7 31. Bd5 b6 32. b4 Bd7 33. Kc4 Be8 34. Bg8 Ba4 35. c3 b5+ 36. Kd4 Bd1 37. Bd5 Be2 38. Bc6 Bc4 39. a4 a6 40. Bb7 Bb3 41. a5 1-0

[Event "Scarborough CC Falling Leaves"]
[Site "Toronto CAN"]
[Date "2009.12.03"]
[Round "5"]
[White "Zhou, Kevin"]
[Black "Bzikot, Robert"]
[Result "1-0"]
[WhiteElo "1870"]
[BlackElo "2003"]
[PlyCount "68"]
[GameId "2160767910096054"]
[EventDate "2009.11.05"]
[EventType "swiss"]
[EventRounds "7"]
[EventCountry "CAN"]
[SourceTitle "EXT 2011"]
[Source "ChessBase"]
[SourceDate "2011.11.26"]
[SourceVersion "1"]
[SourceVersionDate "2011.11.26"]
[SourceQuality "1"]

1. e4 d6 2. d4 Nf6 3. Nc3 g6 4. Nf3 Bg7 5. Be2 O-O 6. O-O c6 7. a4 Qc7 8. Bd2 Nbd7 9. Bc4 Nxe4 10. Nxe4 d5 11. Bd3 dxe4 12. Bxe4 Nf6 13. Bd3 c5 14. dxc5 Qxc5 15. Bc3 Rd8 16. Qc1 b6 17. Qg5 Rd5 18. Qh4 Bb7 19. Nd2 Rh5 20. Qc4 Qg5 21. f3 Rc8 22. Qd4 e5 23. Qf2 Rxc3 24. bxc3 Nd5 25. Ne4 Qe7 26. Rfe1 f5 27. Ng3 Rh4 28. Bxf5 Rc4 29. Be4 Nxc3 30. Bxb7 Qxb7 31. Ne4 Qc6 32. Nxc3 Rxc3 33. Re2 Rc4 34. Qe3 e4 1-0

[Event "Scarborough CC Falling Leaves"]
[Site "Toronto CAN"]
[Date "2009.12.10"]
[Round "6"]
[White "Al Ganabi, Haqi"]
[Black "Casareno, Erwin"]
[Result "0-1"]
[WhiteElo "1915"]
[BlackElo "2203"]
[PlyCount "119"]
[GameId "2160767910096055"]
[EventDate "2009.11.05"]
[EventType "swiss"]
[EventRounds "7"]
[EventCountry "CAN"]
[SourceTitle "EXT 2011"]
[Source "ChessBase"]
[SourceDate "2011.11.26"]
[SourceVersion "1"]
[SourceVersionDate "2011.11.26"]
[SourceQuality "1"]

1. e4 c5 2. Nf3 d6 3. d4 cxd4 4. Nxd4 Nf6 5. Nc3 a6 6. Be3 Ng4 7. Bc4 Nxe3 8. fxe3 e6 9. O-O Be7 10. Qh5 O-O 11. Rf3 g6 12. Qg4 Nc6 13. Nxc6 bxc6 14. e5 dxe5 15. Qe4 Qc7 16. Raf1 f5 17. Qd3 e4 18. Nxe4 fxe4 19. Qxe4 Qd6 20. Rxf8+ Bxf8 21. Qf3 Bd7 22. Re1 Qe7 23. Qe4 Re8 24. Bxa6 Bg7 25. c3 Rf8 26. Bc4 Qf6 27. Rf1 Qe5 28. Rxf8+ Kxf8 29. Qd3 Ke7 30. a4 Bh6 31. Kf2 Qxh2 32. a5 Qh4+ 33. Ke2 Qg4+ 34. Kf2 c5 35. Bb5 Qf5+ 36. Ke2 Qxd3+ 37. Bxd3 Bc6 38. g3 Bg7 39. Bc4 Be5 40. Kf2 h5 41. Be2 Kd6 42. a6 Kc7 43. b4 Bxc3 44. bxc5 Bb4 45. Bc4 Kd7 46. Bd3 g5 47. e4 Bxc5+ 48. Kf3 Kd6 49. Bc4 Ke5 50. Bd3 Kd4 51. Bb1 Bb5 52. Ba2 Bc4 53. Bb1 Bxa6 54. Bc2 e5 55. Ba4 Bd6 56. Bc6 Bc4 57. Kf2 Kd3 58. Kg2 Bb4 59. Bb7 Ke3 60. Bd5 0-1

[Event "Scarborough CC Falling Leaves"]
[Site "Toronto CAN"]
[Date "2009.12.10"]
[Round "6"]
[White "Armstrong, Robert J"]
[Black "Marcille, Gord"]
[Result "1-0"]
[WhiteElo "1829"]
[BlackElo "1842"]
[PlyCount "67"]
[GameId "2160767910096056"]
[EventDate "2009.11.05"]
[EventType "swiss"]
[EventRounds "7"]
[EventCountry "CAN"]
[SourceTitle "EXT 2011"]
[Source "ChessBase"]
[SourceDate "2011.11.26"]
[SourceVersion "1"]
[SourceVersionDate "2011.11.26"]
[SourceQuality "1"]

1. d4 Nf6 2. c4 g6 3. Nc3 Bg7 4. e4 d6 5. f3 O-O 6. Be3 Nbd7 7. Nge2 c5 8. g4 e6 9. h4 cxd4 10. Nxd4 a6 11. Qd2 Ne5 12. Be2 Qc7 13. b3 Rd8 14. Bh6 Bh8 15. h5 d5 16. hxg6 fxg6 17. exd5 exd5 18. Bf4 dxc4 19. Bxc4+ Qxc4 20. bxc4 Rxd4 21. Qe3 Rxf4 22. Qxe5 Rxf3 23. g5 Bd7 24. Qd4 Re8+ 25. Kd1 Rxc3 26. gxf6 Ba4+ 27. Kd2 Rc2+ 28. Kd3 Kf7 29. Rxh7+ Kg8 30. Rxh8+ Kxh8 31. f7+ Re5 32. Qxe5+ Kh7 33. Rh1+ Rh2 34. Rxh2# 1-0

[Event "Scarborough CC Falling Leaves"]
[Site "Toronto CAN"]
[Date "2009.12.10"]
[Round "6"]
[White "Bzikot, Robert"]
[Black "Paterson, Jim"]
[Result "0-1"]
[WhiteElo "2003"]
[BlackElo "1826"]
[PlyCount "68"]
[GameId "2160767910096057"]
[EventDate "2009.11.05"]
[EventType "swiss"]
[EventRounds "7"]
[EventCountry "CAN"]
[SourceTitle "EXT 2011"]
[Source "ChessBase"]
[SourceDate "2011.11.26"]
[SourceVersion "1"]
[SourceVersionDate "2011.11.26"]
[SourceQuality "1"]

1. e4 c5 2. Nf3 Nc6 3. d4 cxd4 4. Nxd4 Nf6 5. Nc3 d6 6. Bg5 e6 7. Qd2 Be7 8. O-O-O a6 9. f4 Bd7 10. Be2 Nxd4 11. Qxd4 Bc6 12. Rhf1 Qc7 13. f5 e5 14. Qe3 O-O-O 15. Bxf6 Bxf6 16. Bc4 Kb8 17. Bd5 h6 18. Kb1 Rc8 19. Qd3 Rhd8 20. Rf2 Qb6 21. Re2 Rd7 22. g3 Qd4 23. Qf3 Qb6 24. h4 Qd8 25. Red2 Qf8 26. Qd3 Bd8 27. Bxc6 Rxc6 28. Nd5 Ba5 29. Rf2 f6 30. Rf3 Qc8 31. g4 Rc4 32. g5 Rd4 33. Qe2 Qc4 34. Qxc4 Rxd1# 0-1